000 00593nam a2200181Ia 4500
008 151018s9999 xx 000 0 und d
082 _bRBASDV45705
_a791
100 _aआशिष इंदूरखा
245 _aसरल ग्रामीण खेल
250 _b1
260 _bसंतोष साहित्य
_c2007
300 _a16
600 _aआशिष इंदूरखा
630 _aसरल ग्रामीण खेल
700 _aआशिष इंदूरखा
730 _aसरल ग्रामीण खेल
942 _cBOOK
999 _c1044882
_d1044879